Školy pre GIS - GIS pre prax (aktuálne problémy vo výučbe GIS a DPZ) : zborník referátov : Banská Štiavnica : 8.-9. júna 1998

Bibliographic Details
Other Authors: Tuček, Ján, 1956- (Editor), Pacola, Erich (Editor)
Format: Book
Language:Slovak
Czech
PhysicalDescription:134 strán grafy, schémy, tabuľky 25 cm
Published: Zvolen Banská Bystrica Technická univerzita Univerzita Mateja Bela 1998
ISBN:8022807443
Edition:1. vyd.
Subjects:

MARC

LEADER 00000cam a2200000 a 4500
001 vtls001345286
003 SK-MaSNL
005 20260301200716.0
008 240322s1998 xo dl frn 100 0 slo
015 |a SNBA1999/02-00706 
020 |a 8022807443  |q (brožované) 
035 |a SNK000298506 
040 |a SNK  |b slo  |c SNK  |e AACR2 
041 0 |a slo  |a cze  |b eng  |b ger 
044 |a xo  |c SK 
072 7 |a 004.9  |x Špeciálne počítačové metódy. Počítačová grafika  |2 konspekt 
080 |a 681.32:91(082)  |2 1981 
080 |a 91:681.32(082)  |2 1981 
080 |a 004.9:91  |2 2011 
080 |a (082)  |2 2011 
080 |a (047)  |2 2011 
080 |a 004:91  |2 2011 
245 0 0 |a Školy pre GIS - GIS pre prax  |b (aktuálne problémy vo výučbe GIS a DPZ) : zborník referátov : Banská Štiavnica : 8.-9. júna 1998  |c [editori: Ján Tuček, Erich Pacola] 
250 |a 1. vyd. 
260 |a Zvolen  |b Technická univerzita  |a Banská Bystrica  |b Univerzita Mateja Bela  |c 1998 
300 |a 134 strán  |b grafy, schémy, tabuľky  |c 25 cm 
366 |e 150 výtl. 
504 |a Obsahuje bibliografiu za niektorými jednotlivými príspevkami 
546 |a Anglické a nemecké resumé. Čiatočný text v češtine 
650 0 7 |a geografické informačné systémy  |2 SNKPH  |9 1861 
650 0 7 |a geoinformatika  |2 SNKPH  |9 21435 
655 7 |a zborníky  |2 SNKPH  |9 70165 
655 7 |a referáty  |2 SNKPH  |9 70611 
700 1 |a Tuček, Ján,  |d 1956-  |4 edt  |9 201674 
700 1 |a Pacola, Erich  |4 edt  |9 23845 
919 |a 80-228-0744-3 
954 |a odborná, vedecká literatúra pôvodná (slovenská)  |2 lita 
954 |a odborná, vedecká literatúra cudzojazyčná (svetová)  |2 lita 
958 |a EUIPO 
958 |a ART 
958 |a TL 
958 |a NB 
958 |a OND 
999 |c 891747  |d 893677 
952 |a SNK  |b SNK  |y NEVYP  |7 0  |o snkC 817  |i snk1508/981016  |0 0  |1 0  |4 0  |d 1998-10-15  |l 0  |r 2005-01-02 00:00:00  |w 2026-02-24 
952 |a SNK  |b SNK  |y PREZ  |7 0  |p 17A0161047  |o snkSC 96933  |i snkKSP 9620/98  |0 0  |1 0  |4 0  |d 1998-10-15  |f 1  |l 0  |r 2025-09-16 00:00:00  |w 2026-02-24 
952 |a SNK  |b SNK  |y VYP  |7 0  |p 17A0161046  |o snkSC 96933 D1  |i snkKSP 9621/98  |0 0  |1 0  |4 0  |d 1998-10-15  |l 0  |r 2005-01-02 00:00:00  |w 2026-02-24